00473pab a2200133 454500008004000000100002400040245014900064260000900213300001200222362000900234650004600243700001800289773003200307180718b1985 xxu||||| |||| 00| 0 eng d aSrivastav, Nirankar aMeasurement of sectoral income and employment multipliers for the economy of Uttar PradeshbAn application of semi - closed input - output model c1985 a183-201 aOct. aRegional Planning - India - Uttar Pradesh aR.R. Barthwal aIndian Journal of Economics